[Event "LSS SD-2010-0-00070"]
[Site "LSS email"]
[Date "2010.09.21"]
[Round "?"]
[White "Reina, Alberto"]
[Black "Shim Ng Min, Francis"]
[Result "0-1"]
[WhiteElo "1207"]
[BlackElo "1312"]
[PlyCount "74"]
[EventDate "2010.08.19"]
[EventType "tourn (corr)"]
[EventRounds "6"]
[EventCountry "GER"]
[SourceTitle "Telechess CBM 143"]
[Source "ChessBase"]
[SourceDate "2011.07.15"]
[SourceVersion "1"]
[SourceVersionDate "2011.07.15"]
[SourceQuality "1"]

1. c4 Nf6 2. Nf3 e6 3. Nc3 d5 4. d4 Be7 5. e3 0-0 6. cxd5 exd5 7. h3 c5 8. Bd3 Nc6 9. a3 Re8 10. 0-0 h6 11. Bc2 Be6 12. dxc5 Bxc5 13. b4 Bd6 14. Ne2 Ne5 15. Ned4 Nxf3+ 16. Qxf3 Be5 17. Nxe6 fxe6 18. Rb1 Qc7 19. Qe2 Rac8 20. Bg6 Rf8 21. f4 Bc3 22. Qd3 Qc4 23. Qd1 Ne4 24. Qg4 Rf6 25. Rb2 Ng5 26. Rbf2 Rxg6 27. fxg5 Qxg4 28. hxg4 Rxg5 29. Rf7 Rb8 30. Rc7 Be5 31. Re7 Rxg4 32. Rxe6 Re4 33. Kh1 Rh4+ 34. Kg1 Bh2+ 35. Kf2 Rf8+ 36. Ke2 Rxf1 37. Kxf1 Kf7 0-1

[Event "OP-2010-0-01210"]
[Site "LSS email"]
[Date "2010.08.04"]
[Round "?"]
[White "Reina, Alberto"]
[Black "Hokano, Juan Carlos"]
[Result "0-1"]
[WhiteElo "1500"]
[BlackElo "1084"]
[PlyCount "64"]
[EventDate "2010.07.14"]
[EventType "tourn (corr)"]
[EventRounds "4"]
[EventCountry "GER"]
[SourceTitle "Telechess CBM 143"]
[Source "ChessBase"]
[SourceDate "2011.07.15"]
[SourceVersion "1"]
[SourceVersionDate "2011.07.15"]
[SourceQuality "1"]

1. d4 Nf6 2. c4 d6 3. Nc3 g6 4. e4 c6 5. h3 Bg7 6. Nf3 0-0 7. Bd3 c5 8. 0-0 cxd4 9. Nd5 e6 10. Nb4 Qb6 11. Qe1 Nbd7 12. a4 a5 13. Nc2 Nc5 14. Qe2 e5 15. Nd2 Nh5 16. Nf3 Nxd3 17. Qxd3 f5 18. exf5 Bxf5 19. Qd1 Rac8 20. Na3 e4 21. Nh4 Be6 22. Qe2 Ng3 23. fxg3 d3+ 24. Qe3 Bd4 25. Re1 Bxe3+ 26. Rxe3 Bxc4 27. Kh2 Rf1 28. Rb1 Rxc1 29. Rxc1 Qxe3 30. Rxc4 Rxc4 31. Nxc4 Qc1 32. Nxa5 Qxb2 0-1

[Event "OP-2010-0-01216"]
[Site "LSS email"]
[Date "2010.07.26"]
[Round "?"]
[White "Pereira, Antonio"]
[Black "Reina, Alberto"]
[Result "0-1"]
[WhiteElo "960"]
[BlackElo "1187"]
[PlyCount "28"]
[EventDate "2010.07.22"]
[EventType "tourn (corr)"]
[EventRounds "4"]
[EventCountry "GER"]
[SourceTitle "Corr 2013"]
[Source "ChessBase"]
[SourceDate "2012.11.12"]
[SourceVersion "1"]
[SourceVersionDate "2012.11.12"]
[SourceQuality "1"]

1. e4 e5 2. Nc3 Bb4 3. d4 Bxc3+ 4. bxc3 Nc6 5. Nf3 exd4 6. cxd4 d5 7. exd5 Qxd5 8. c4 Qd6 9. d5 Nce7 10. Bd3 h6 11. Qb3 a6 12. 0-0 Nf6 13. Ba3 c5 14. dxc6 Qxc6 0-1